| 000 | 01043 a2200229 4500 | ||
|---|---|---|---|
| 001 | 45055 | ||
| 005 | 20260407155726.0 | ||
| 008 | 260407a2016 arg spa d | ||
| 003 | AR-UNSa-BCEJYS | ||
| 040 |
_aAR-UNSa-BCEJYS _bspa _cAR-UNSa-BCEJYS |
||
| 080 |
_a338.124 _xRetroceso de la actividad económica. Contracción económica (Pobreza...) |
||
| 245 | 1 | 0 | _aPobreza y derechos sociales de niñas, niños y adolescentes en México, 2014 |
| 264 | 1 |
_aMéxico : _bUNICEF _c2016 |
|
| 300 |
_a121 p. _c28 cm. |
||
| 505 | _a1.Introducción – 2. La pobreza infantil y adolescente en pobreza – 4. Contexto territorial y comunitario – 5. Evolución en los indicadores de pobreza infantil y adolescente – 6. Consideraciones finales. | ||
| 041 | _aspa | ||
| 942 | _cBK | ||
| 590 | _aniveau_biblio:m niveau_hierar:0 | ||
| 100 | 1 | _aUNICEF | |
| 700 | 1 | _aConsejo Nacional de Evaluación de la Política de Desarrollo Social (CONEVAL) | |
| 856 | 4 | 1 |
_uhttps://www.biblioeco.unsa.edu.ar/pmb/images/libros/L127077.jpg _yImagen de portada _qimage/jpeg |
| 999 |
_c3906 _d3906 |
||